| 000 | 01447cam a2200409 i 4500 | ||
|---|---|---|---|
| 001 | 4629248 | ||
| 003 | OSt | ||
| 005 | 20140310182720.0 | ||
| 008 | 781103r1979 mauaf b 001 0ceng | ||
| 010 | _a 78026042 | ||
| 020 | _a0345295528 | ||
| 040 |
_aDLC _cDLC _dDLC |
||
| 043 | _ae-uk-en | ||
| 050 | 0 | 0 |
_aPR 6023 _b.C295 1978 |
| 082 | 0 | 0 |
_aM 823.912 _bC22 1978 |
| 100 | 1 | _aCarpenter, Humphrey. | |
| 245 | 1 | 4 |
_aThe inklings : _bC.S. Lewis, J.R.R. Tolkien, Charles Williams, and their friends / _cCarpenter, Humphrey |
| 260 |
_aNew York : _bGeorge Allen & Unwin Publishers Ltd., _cc1978. |
||
| 300 |
_ax, 324 p. _bill. ; _c18 cm. |
||
| 500 | _aIncludes index. | ||
| 504 | _aBibliography: p. 260-265. | ||
| 521 | _aCollege Students | ||
| 526 | _c1210L-1700L | ||
| 541 | _j1 | ||
| 562 | _e1 | ||
| 600 | 1 | 0 |
_aLewis, C. S. _q(Clive Staples), _d1898-1963 _xFriends and associates. |
| 600 | 1 | 0 |
_aTolkien, J. R. R. _q(John Ronald Reuel), _d1892-1973 _xFriends and associates. |
| 600 | 1 | 0 |
_aWilliams, Charles, _d1886-1945 _xFriends and associates. |
| 610 | 2 | 0 |
_aUniversity of Oxford _vBiography. |
| 650 | 0 |
_aAuthors, English _y20th century _xBiography. |
|
| 650 | 0 |
_aFantasy literature _xAuthorship. |
|
| 650 | 0 | _aInklings (Group of writers) | |
| 651 | 0 |
_aOxford (England) _xIntellectual life _y20th century. |
|
| 651 | 0 |
_aOxford (England) _xBiography. |
|
| 906 |
_a7 _bcbc _corignew _d1 _eocip _f19 _gy-gencatlg |
||
| 942 |
_2lcc _cBK _kM |
||
| 999 |
_c15326 _d15326 |
||